Solar energy thermal processes
Saved in:
| Main Authors: | , |
|---|---|
| Format: | Bog |
| Sprog: | engelsk |
| Udgivet: |
Nueva York
John Wiley and Sons
1974
|
| Udgivelse: | 1a. ed |
| Fag: | |
| Tags: |
Tilføj Tag
Ingen Tags, Vær først til at tagge denne postø!
|
MARC
| LEADER | 00000cam a2200000 a 4500 | ||
|---|---|---|---|
| 001 | UCD1544 | ||
| 003 | CL-VaPUC | ||
| 008 | 160310e19740000us |||||||||||||||||eng|d | ||
| 020 | |a 0471223719 | ||
| 082 | 0 | 4 | |a 621.47 |b DUF |2 21 |
| 100 | 0 | |a Duffie, John A |e author |9 584643 | |
| 700 | 0 | |a Beckman, William A |e author |9 584644 | |
| 245 | 1 | 0 | |a Solar energy thermal processes |
| 250 | |a 1a. ed | ||
| 300 | |a 386 p | ||
| 942 | |c BK | ||
| 945 | |d 20160310 23:10:00 |a arojas | ||
| 260 | |a Nueva York |b John Wiley and Sons |c 1974 | ||
| 650 | 7 | |a ENERGIA SOLAR |2 CL-VaPUC |9 584645 | |
| 650 | 0 | |a Energía renovable |9 525460 | |
| 650 | 7 | |a RECURSOS RENOVABLES |2 CL-VaPUC |9 339698 | |
| 583 | |a last modification |c 20160310 23:10:00 |k Rodrigo Vera | ||
| 999 | |c 362832 |d 362830 | ||
| 952 | |0 0 |1 0 |3 erd |4 0 |6 621_470000000000000_DUF_1974 |7 0 |8 A |9 474355 |a BIBING |b BIBING |i 5265800 |o 621.47 DUF 1974 |p 5265800 |r 2025-01-20 |w 2019-11-24 |y BK |z Catalogado en:20160310 |k ING | ||